000 00390nam a2200145Ia 4500
005 20250603145503.0
008 250603s9999 xx 000 0 und d
245 0 _aParallel Report on the State of Economic, Social and Cultural Rights in Nigeria 1999-2001
260 _aLagos
260 _bShelter Rights Initiative
260 _c2001
300 _a25 p
650 _aLagos
942 _cBK
999 _c42000
_d42000